ბათუმის შოთა რუსთაველის სახელმწიფო უნივერსიტეტის ბიბლიოთეკა

Влияние мульчирование почвы на продуктивность маточных деревьев мандаринов / (ბიბ.ჩანაწერი № 37480)

000 -LEADER
fixed length control field 01138nam a2200241Ia 4500
001 - CONTROL NUMBER
control field 3442
003 - CONTROL NUMBER IDENTIFIER
control field GE_BSU
005 - DATE AND TIME OF LATEST TRANSACTION
control field 20221028125325.0
008 - FIXED-LENGTH DATA ELEMENTS--GENERAL INFORMATION
fixed length control field 181216s1991ru xx |||||||||||||| ||rus||
040 ## - CATALOGING SOURCE
Transcribing agency GE_BSU
041 ## - LANGUAGE CODE
Language code of text/sound track or separate title rus
080 ## - UNIVERSAL DECIMAL CLASSIFICATION NUMBER
Universal Decimal Classification number 634.32 Д-40
100 ## - MAIN ENTRY--PERSONAL NAME
Personal name Джабнидзе, Резо.
9 (RLIN) 15634
245 ## - TITLE STATEMENT
Title Влияние мульчирование почвы на продуктивность маточных деревьев мандаринов /
Statement of responsibility, etc. Резо Джабнидзе, Гиви Джинчарадзе,Ред. С.Х. Пирцхалаишвили
260 ## - PUBLICATION, DISTRIBUTION, ETC.
Date of publication, distribution, etc. Батуми
Name of publisher, distributor, etc. Аджара,
264 ## - PRODUCTION, PUBLICATION, DISTRIBUTION, MANUFACTURE, AND COPYRIGHT NOTICE
Place of production, publication, distribution, manufacture 1991.
300 ## - PHYSICAL DESCRIPTION
Extent 139 с. ;
Other physical details 19 см.
653 ## - INDEX TERM--UNCONTROLLED
keyword Влияние мульчирование почвы на продуктивность маточных деревьев мандаринов
653 ## - INDEX TERM--UNCONTROLLED
keyword ნიადაგის მულჩირების ეფექტი მანდარინის ხეები
700 ## - ADDED ENTRY--PERSONAL NAME
Personal name Джинчарадзе, Гиви
9 (RLIN) 15631
700 ## - ADDED ENTRY--PERSONAL NAME
Personal name Пирцхалаишвили, С.Х.
Relator term რედაქტორი
9 (RLIN) 15635
942 ## - ADDED ENTRY ELEMENTS (KOHA)
Koha item type წიგნი
Source of classification or shelving scheme
ეგზემპლარები
Withdrawn status Lost status Source of classification or shelving scheme Damaged status Not for loan Permanent Location Current Location Shelving location Date acquired Full call number Barcode Date last seen Copy number Price effective from Koha item type
          ბათუმის შოთა რუსთაველის სახელმწიფო უნივერსიტეტის მთავარი ბიბლიოთეკა ბათუმის შოთა რუსთაველის სახელმწიფო უნივერსიტეტის მთავარი ბიბლიოთეკა წიგნსაცავი 2018-12-17 634.32 Д-40 4964 2018-12-17 4964 2018-12-17 წიგნი
          ბათუმის შოთა რუსთაველის სახელმწიფო უნივერსიტეტის მთავარი ბიბლიოთეკა ბათუმის შოთა რუსთაველის სახელმწიფო უნივერსიტეტის მთავარი ბიბლიოთეკა წიგნსაცავი 2018-12-17 634.32 Д-40 4965 2018-12-17 4965 2018-12-17 წიგნი
          ბათუმის შოთა რუსთაველის სახელმწიფო უნივერსიტეტის მთავარი ბიბლიოთეკა ბათუმის შოთა რუსთაველის სახელმწიფო უნივერსიტეტის მთავარი ბიბლიოთეკა წიგნსაცავი 2018-12-17 634.32 Д-40 4966 2018-12-17 4966 2018-12-17 წიგნი
          ბათუმის შოთა რუსთაველის სახელმწიფო უნივერსიტეტის მთავარი ბიბლიოთეკა ბათუმის შოთა რუსთაველის სახელმწიფო უნივერსიტეტის მთავარი ბიბლიოთეკა წიგნსაცავი 2018-12-17 634.32 Д-40 4967 2018-12-17 4967 2018-12-17 წიგნი
          ბათუმის შოთა რუსთაველის სახელმწიფო უნივერსიტეტის მთავარი ბიბლიოთეკა ბათუმის შოთა რუსთაველის სახელმწიფო უნივერსიტეტის მთავარი ბიბლიოთეკა წიგნსაცავი 2018-12-17 634.32 Д-40 4968 2018-12-17 4968 2018-12-17 წიგნი